Famous Freds Quiz Stats

Quiz Updated Jan 20, 2017

Also try: Famous Bobs
Challenge
Share
Tweet
Embed
Score 0/28 Timer 07:00
0 Plays Today
Hint Fred % Correct
Husband of Wilma, lives in BedrockFred Flintstone
87.9%
Frequent dance partner of Ginger RogersFred Astaire
77.2%
Lead singer of the band 'Queen'Freddie Mercury
72.1%
His 'Neighborhood' children's show is the longest running show on PBSFred Rogers
61.5%
Band that sang 1991 hit 'I'm Too Sexy'Right Said Fred
61.1%
A Nightmare on Elm Street killerFreddy Krueger
57.7%
George's twin from the Harry Potter seriesFred Weasley
57.3%
Played Kevin Arnold on 'The Wonder Years'Fred Savage
52%
Sarah Michelle Gellar's husbandFreddie Prinze Jr.
52%
Government sponsored mortgage lenderFreddie Mac
51.1%
Co-founder of the band Limp BizkitFred Durst
47.5%
Director of 'Psycho'Alfred Hitchcock
47.4%
Inventor of dynamite and in his last will used his fortune to institute his eponymous prizeAlfred Nobel
42.6%
2007 Vince Vaughn movieFred Claus
41.5%
Hint Fred % Correct
2001 Razzie winning Tom Green movieFreddy Got Fingered
36.7%
Lingerie and sexy women's apparel department storeFrederick's of Hollywood
36.2%
Former MLB 1st baseman known as the 'Crime Dog'Fred McGriff
32.8%
Won the 1992 Masters TournamentFred Couples
31.8%
A leader of the abolitionist movement and advisor to President LincolnFrederick Douglass
29.9%
'Law & Order' actor who ran for President of the United StatesFred Thompson
29.9%
Fictional mascot of Mad magazineAlfred E. Neuman
25.3%
Played Dr. Otto Octavius in 'Spiderman 2'Alfred Molina
18.9%
Poet who wrote 'The Charge of the Light Brigade'Alfred Tennyson
14.9%
Scooby Doo character or Los Angeles Clippers guardFred Jones
13.4%
Batman's butlerAlfred Pennyworth
12.5%
Star of 'The Spiderwick Chronicles' and 'Charlie and the Chocolate Factory' moviesFreddie Highmore
12.2%
Award for America's top college football receiverFred Biletnikoff Award
8.4%
Author of 'Old Yeller'Fred Gipson
1.9%

You're not logged in!

Compare scores with friends on all Sporcle quizzes.
Join for Free
OR
Log In

You Might Also Like...

Show Comments

Extras

Top Quizzes Today


Score Distribution

Your Account Isn't Verified!

In order to create a playlist on Sporcle, you need to verify the email address you used during registration. Go to your Sporcle Settings to finish the process.

Report this User

Report this user for behavior that violates our Community Guidelines.

Details: